000 00448nam a2200133Ia 4500
008 150223s9999 xx 000 0 und d
020 _a9781741661910
050 _b.C518 2007
100 _aCheng, Christopher.
245 _aAmazing Australian animals /
_cChristopher Cheng.
260 _aSydney Australia:
_bRandom House Australia Pty Ltd,
_c2007
300 _a162 pages :
_bIllustration ;
_c24 cm.
650 _aAnimals
_xAustralia-Juvenila literature
999 _c283335
_d283335